|
|
|
|
| LEADER |
00000nab a2200000 a 4500 |
| 001 |
vtls011117174 |
| 003 |
SK-MaSNL |
| 005 |
20260304030142.0 |
| 008 |
250310|2009 xo |||||||||||||||||slo| |
| 015 |
|
|
|a SNBRB
|
| 035 |
|
|
|a (uuid)641b70a5-99ea-4a3e-aec4-723113daf867
|
| 035 |
|
|
|a (urnnbn)urn:nbn:sk:snk:ar-a08lga
|
| 035 |
|
|
|a urn:nbn:sk:snk-ab9nlh
|
| 040 |
|
|
|a SNKBUCL
|b slo
|c SNKBUCL
|e AACR2
|
| 041 |
0 |
|
|a slo
|
| 044 |
|
|
|a xo
|c SK
|
| 100 |
1 |
|
|a Čupka, Ján
|4 aut
|9 268654
|
| 245 |
1 |
0 |
|a ETIKA, KVALITA, MORÁLKA, SYSTÉM MANAŽÉRSTVA
|c Ján Čupka
|
| 773 |
0 |
|
|t Kvalita : odborný časopis Slovenskej spoločnosti pre kvalitu
|g Roč. 17, č. 4 (2009), s. 49-50
|
| 958 |
|
|
|a OND
|
| 958 |
|
|
|a EUIPO
|
| 958 |
|
|
|a article13
|
| 999 |
|
|
|c 2631966
|d 2633896
|